| 000 | 00618nam a2200241Ia 4500 | ||
|---|---|---|---|
| 003 | OSt | ||
| 005 | 20220926044050.0 | ||
| 006 | a|||||r|||| 00| 0 | ||
| 007 | ta | ||
| 008 | 220923b |||||||| |||| 00| 0 eng d | ||
| 037 | _cGeneral Book | ||
| 040 |
_aRTL _cRTL _beng |
||
| 041 |
_2eng _aeng |
||
| 082 | _aY1:L, K2-;1 | ||
| 100 |
_aSusser M W _9348314 |
||
| 245 | 0 | _aSociology in medicine | |
| 260 | _c1962 | ||
| 490 | _aOxford Medical Publications | ||
| 650 | _aSociometry | ||
| 700 |
_a Watson W _9348315 |
||
| 942 |
_hY1:L, K2-;1 _cGB _2CC |
||
| 999 |
_c673899 _d673899 |
||